Apartmány Technik

Salvato in:
Dettagli Bibliografici
Autore principale: Andrašková, Monika (Autore)
Altri autori: Selcová, Ľubica, 1963- (Relatore della tesi)
Natura: Manoscritto Libro
Lingua:slovacco
Pubblicazione: Bratislava 2015
Soggetti:
Accesso online:http://is.stuba.sk/zp/portal_zp.pl?podrobnosti=93886
Tags: Aggiungi Tag
Nessun Tag, puoi essere il primo ad aggiungerne!!

MARC

LEADER 00000ntm a22000003a 4500
001 stuzp52567
003 SK-STU
005 20210226073857.7
007 ta
008 150427s2015----xo-----f-mn---000-0-slo-d
040 |a STU  |b slo 
041 0 |a slo 
100 1 |a Andrašková, Monika  |u 051110  |4 aut  |U FAD Fakulta architektúry  |T FA Ústav architektúry obytných budov  |X 62068  |U A1110  |Y 392  |7 62068 
242 0 1 |a Bachelor thesis  |y eng 
245 1 0 |a Apartmány Technik 
260 |c 2015  |a Bratislava 
650 4 |a ubytovanie  |2 slo 
650 4 |a verejnýpriestor  |2 slo 
650 4 |a STU  |2 slo 
650 4 |a apartmány  |2 slo 
650 4 |a apartments  |2 eng 
650 4 |a accommodation  |2 eng 
650 4 |a public space  |2 eng 
650 4 |a STU  |2 eng 
700 1 |a Selcová, Ľubica,  |d 1963-  |4 ths  |X 4198  |7 A000004198 
856 4 |u http://is.stuba.sk/zp/portal_zp.pl?podrobnosti=93886  |u https://opac.crzp.sk/?fn=detailBiblioForm&sid=367CD704F5D5570C76EFF5DE3652 
SQL |a stuzp52567  |b DBP  |c SLO  |d Apartmány Technik  |e 62068  |f Andrašková, Monika  |g 051110  |h 4198  |i Selcová, Ľubica  |j 20150611  |k 149  |l 05  |m http://is.stuba.sk/zp/portal_zp.pl?podrobnosti=93886  |n B-AU  |o 5.1.1. architektúra a urbanizmus